Statistics for Every Imagine Dragons Song to Chart on Billboard

Click here to take the quiz!

General Stats

  • This quiz has been taken 7 times
  • The average score is 29 of 50

Answer Stats

ChartPositionYear of ReleaseAlbumSong% Correct
Alternative Streaming Songs#72017EvolveBeliever
100%
Alternative Digital Song Sales#72019N/ABeliever (ft. Lil Wayne)
100%
Alternative Streaming Songs#182012Night VisionsRadioactive
100%
Alternative Streaming Songs#112017EvolveThunder
100%
Hot 100#692018N/AThunder/Young Dumb & Broke
100%
Hot 100#122017EvolveWhatever it Takes
100%
Hot 100#562018OriginsBad Liar
83%
Switzerland Digital Song Sales#42019OriginsBirds (ft. Elisa)
83%
Billboard Global 200#1482012Night VisionsDemons
83%
Alternative Streaming Songs#102021Mercury - Act 1Follow You
83%
Hot 100#152011It's Time EP/Night VisionsIt's Time
83%
Hot 100#792012Night VisionsOn Top of The World
83%
Alternative Streaming Songs#212021Mercury - Act 1Wrecked
83%
Alternative Digital Song Sales#122014Smoke + Mirrors/Transformers 4Battle Cry
67%
Lyricfind US#132018OriginsBoomerang
67%
Alternative Digital Song Sales#92021Mercury - Act 1Cutthroat
67%
Hot 100#282014Smoke + MirrorsI Bet My Life
67%
Hot Alternative Songs#252021Mercury - Act 1Monday
67%
Alternative Digital Song Sales#182021Mercury - Act 1My Life
67%
Hot 100#132018OriginsNatural
67%
Hot 100#772015N/ARoots
67%
Hot 100#752015Smoke + MirrorsShots
67%
Hot 100#152016Suicide SquadSucker For Pain
67%
Alternative Digital Song Sales#62014Smoke + Mirrors/League of LegendsWarriors
67%
Alternative Digital Song Sales#92014Smoke + Mirrors/Hunger Games Catching FireWho We Are
67%
Alternative Digital Song Sales#52018OriginsZero
67%
Canada Rock#452011It's Time EP/Night VisionsAmsterdam
50%
Hot 100#742018N/ABorn to Be Yours
50%
Alternative Digital Song Sales#202015Smoke + MirrorsDream
50%
Alternative Digital Song Sales#142015Smoke + MirrorsFriction
50%
Alternative Digital Song Sales#92015Smoke + MirrorsGold
50%
Alternative Digital Song Sales#202017EvolveI Don't Know Why
50%
Alternative Digital Song Sales#102016PassengersLevitate
50%
Alternative Digital Song Sales#52018OriginsMachine
50%
Hot 100#782013Smoke + Mirrors/Infinity BladeMonster
50%
Alternative Digital Song Sales#162017EvolveRise Up
50%
Rock Digital Song Sales#382012Night VisionsBleeding Out
33%
Alternative Digital Song Sales#132015Smoke + MirrorsI'm So Sorry
33%
Alternative Digital Song Sales#32018EvolveNext to Me
33%
US Hot Rock & Alt#392021Mercury - Act 1No Time For Toxic People
33%
Alternative Digital Song Sales#72016Me Before YouNot Today
33%
Rock Digital Song Sales#352015Smoke + MirrorsPolaroid
33%
Rock Digital Song Sales#412015Smoke + MirrorsThief
33%
Alternative Digital Song Sales#22017EvolveWalking The Wire
33%
Alternative Digital Song Sales#142018OriginsWest Coast
33%
Lyricfind Global#122018OriginsBullet in a Gun
17%
Lyricfind US#202018OriginsBurn Out
17%
Hot Canadian Digital Song Sales#282019TimHeart Upon My Sleeve (with Avicii)
17%
Alternative Digital Song Sales#82012Night VisionsTiptoe
17%
Alternative Digital Song Sales#52015N/AI Was Me
0%

Score Distribution

Percentile by Number Answered

Percent of People with Each Score

Your Score History

You have not taken this quiz